Applied numerical analysis / (Record no. 2636)
[ view plain ]
| 000 -LEADER | |
|---|---|
| fixed length control field | 00680nam a22002292 4500 |
| 001 - CONTROL NUMBER | |
| control field | 0000004356 |
| 005 - DATE AND TIME OF LATEST TRANSACTION | |
| control field | 20151217145805.0 |
| 008 - FIXED-LENGTH DATA ELEMENTS--GENERAL INFORMATION | |
| fixed length control field | 070522s xx 000 0 eng d |
| 020 ## - INTERNATIONAL STANDARD BOOK NUMBER | |
| International Standard Book Number | 032119019X : |
| Terms of availability | GBP 50.99 |
| 040 ## - CATALOGING SOURCE | |
| Original cataloging agency | KABU |
| Transcribing agency | KABU |
| 050 #0 - LIBRARY OF CONGRESS CALL NUMBER | |
| Classification number | QA297 |
| Item number | .G47 2004 |
| 100 1# - MAIN ENTRY--PERSONAL NAME | |
| Personal name | Gerald, Curtis F. |
| -- | 0000154874 |
| 245 10 - TITLE STATEMENT | |
| Title | Applied numerical analysis / |
| Statement of responsibility, etc. | Curtis F. Gerald, Patrick O. Wheatley. |
| 250 ## - EDITION STATEMENT | |
| Edition statement | 7th ed. |
| 260 ## - PUBLICATION, DISTRIBUTION, ETC. (IMPRINT) | |
| Place of publication, distribution, etc. | Boston : |
| Name of publisher, distributor, etc. | Pearson, |
| Date of publication, distribution, etc. | 2004. |
| 300 ## - PHYSICAL DESCRIPTION | |
| Extent | x, 609 p. |
| 650 #0 - SUBJECT ADDED ENTRY--TOPICAL TERM | |
| Topical term or geographic name as entry element | Numerical analysis. |
| -- | 0000154812 |
| 700 1# - ADDED ENTRY--PERSONAL NAME | |
| Personal name | Wheatley, Patrick O. |
| -- | 0000154875 |
| 908 ## - PUT COMMAND PARAMETER (RLIN) | |
| Put command parameter | 070522 |
| 950 ## - LOCAL HOLDINGS (RLIN) | |
| -- | 1 |
| Withdrawn status | Lost status | Source of classification or shelving scheme | Not for loan | Home library | Current library | Date acquired | Total Checkouts | Full call number | Barcode | Date last seen | Date last checked out | Price effective from | Koha item type |
|---|---|---|---|---|---|---|---|---|---|---|---|---|---|
| Library of Congress Classification | Kabarak, Main Campus | Kabarak, Main Campus | 17/12/2015 | 4 | QA297 .G47 2004 | 008575 | 07/04/2021 | 25/03/2021 | 17/12/2015 | General Collection |